Budúcnosť má iba sofistikovaná práca
Kvalitatívne zmeny vo vývoji práce na zvýšenie konkurencieschopnosti v procese globalizácie. Priority konkurencieschopnosti. Dve základné línie v procese zápolenia o pozície konkurencieschopnosti. Nová pozícia štátu. Riziká nízkych miezd. Úspech zaručujú len inovácie. Štatistika Medzinárodnej organi...
Na minha lista:
| Autor principal: | |
|---|---|
| Formato: | Capítulo de Livro |
| Idioma: | eslovaco |
| Assuntos: | |
| Tags: |
Sem tags, seja o primeiro a adicionar uma tag!
|
MARC
| LEADER | 00000naa$a2200000$$$4500 | ||
|---|---|---|---|
| 001 | 0048865 | ||
| 005 | 20231016084924.4 | ||
| 041 | 0 | |a slo | |
| 044 | |a SK | ||
| 245 | 1 | 0 | |a Budúcnosť má iba sofistikovaná práca |c Milan Šikula |
| 520 | |a Kvalitatívne zmeny vo vývoji práce na zvýšenie konkurencieschopnosti v procese globalizácie. Priority konkurencieschopnosti. Dve základné línie v procese zápolenia o pozície konkurencieschopnosti. Nová pozícia štátu. Riziká nízkych miezd. Úspech zaručujú len inovácie. Štatistika Medzinárodnej organizácie práce (ILO). Hodnotenie konkurencieschopnosti slovenskej ekonomiky. | ||
| 610 | 2 | 0 | |a konkurencieschopnosť |
| 610 | 2 | 0 | |a práca |
| 610 | 2 | 0 | |a kvalita |
| 610 | 2 | 0 | |a produktivita práce |
| 610 | 2 | 0 | |a mzdy |
| 610 | 2 | 0 | |a náklady práce |
| 610 | 2 | 0 | |a inovácia |
| 610 | 2 | 0 | |a globalizácia |
| 100 | 1 | |a Šikula, Milan | |